[Event "IECG RI.2006.0.00068"]
[Site "IECG email"]
[Date "2006.09.09"]
[Round "?"]
[White "Sen, Tuncay"]
[Black "Amann, Klaus"]
[Result "0-1"]
[WhiteElo "1772"]
[BlackElo "1887"]
[PlyCount "36"]
[EventDate "2006.09.09"]
[EventType "tourn (corr)"]
[EventRounds "6"]
[SourceTitle "Corr 2008"]
[Source "ChessBase"]
[SourceDate "2008.06.24"]
[SourceVersion "1"]
[SourceVersionDate "2008.06.24"]
[SourceQuality "1"]

1. e4 e5 2. Nf3 Nc6 3. d4 exd4 4. Bc4 Bc5 5. 0-0 d6 6. c3 Bg4 7. Qb3 Bxf3 8. Bxf7+ Kf8 9. gxf3 Ne5 10. cxd4 Bxd4 11. Bd5 Nf6 12. Bxb7 Rb8 13. f4 Ng6 14. Be3 Bxe3 15. fxe3 c6 16. e5 Ne8 17. exd6 Nxd6 18. f5 Nh4 0-1

[Event "IECG SI.2006.0.00056"]
[Site "IECG email"]
[Date "2006.08.29"]
[Round "?"]
[White "Sen, Tuncay"]
[Black "Vreugdenhil, Maarten"]
[Result "0-1"]
[WhiteElo "1772"]
[BlackElo "1750"]
[PlyCount "24"]
[EventDate "2006.08.29"]
[EventType "tourn (corr)"]
[EventRounds "6"]
[SourceTitle "Corr 2024"]
[Source "ChessBase"]
[SourceDate "2023.10.19"]
[SourceVersion "1"]
[SourceVersionDate "2023.10.19"]
[SourceQuality "1"]

1. e4 c5 2. Nf3 e6 3. d4 cxd4 4. Nxd4 a6 5. Nc3 d6 6. Bd3 Be7 7. 0-0 Nc6 8. Nxc6 bxc6 9. Qg4 g6 10. Qf3 e5 11. Bc4 f5 12. exf5 d5 0-1

[Event "IECG RI.2006.0.00061"]
[Site "IECG email"]
[Date "2006.08.09"]
[Round "?"]
[White "Sen, Tuncay"]
[Black "Eshuis, Johannes"]
[Result "1-0"]
[WhiteElo "1703"]
[BlackElo "1866"]
[PlyCount "35"]
[EventDate "2006.07.20"]
[EventType "tourn (corr)"]
[EventRounds "6"]
[SourceTitle "Corr 2022"]
[Source "ChessBase"]
[SourceDate "2021.10.24"]
[SourceVersion "1"]
[SourceVersionDate "2021.10.24"]
[SourceQuality "1"]

1. e4 c5 2. Nf3 Nc6 3. d4 cxd4 4. Nxd4 e5 5. Nb5 d6 6. Bc4 Be7 7. Qh5 g6 8. Qf3 Be6 9. Bxe6 fxe6 10. 0-0 a6 11. N5c3 Nf6 12. Bh6 Bf8 13. Bg5 Bg7 14. Na3 h6 15. Be3 0-0 16. Qh3 h5 17. Qxe6+ Kh7 18. Rad1 1-0

[Event "FICGS theme 0000 email"]
[Site "FICGS email"]
[Date "2006.07.23"]
[Round "1"]
[White "Vasquez, Fernando Jose Pinto"]
[Black "Sen, Tuncay"]
[Result "1-0"]
[WhiteElo "1400"]
[BlackElo "2066"]
[PlyCount "55"]
[EventDate "2006.??.??"]
[EventType "swiss (corr)"]
[EventRounds "1"]
[SourceTitle "Corr 2022"]
[Source "ChessBase"]
[SourceDate "2021.10.24"]
[SourceVersion "1"]
[SourceVersionDate "2021.10.24"]
[SourceQuality "1"]

1. e4 e5 2. Nf3 Nc6 3. d4 exd4 4. Bc4 Bb4+ 5. c3 dxc3 6. 0-0 cxb2 7. Bxb2 Kf8 8. Nc3 d6 9. Nd5 Bc5 10. Qc1 f6 11. Qf4 Na5 12. Be2 c6 13. Ne3 Ne7 14. Qg3 Qb6 15. Bc1 Be6 16. Bd2 Re8 17. Rab1 Qc7 18. Rfc1 b6 19. Bxa5 Bxe3 20. fxe3 bxa5 21. Nd4 Bxa2 22. Ra1 Bf7 23. Nb5 Qb8 24. Nxd6 Rd8 25. e5 Bg6 26. Rf1 Qb2 27. Bc4 Ng8 28. Rad1 1-0

[Event "IECG RI.2006.0.00061"]
[Site "IECG email"]
[Date "2006.07.20"]
[Round "?"]
[White "Luers, Charles J"]
[Black "Sen, Tuncay"]
[Result "1/2-1/2"]
[WhiteElo "1815"]
[BlackElo "1703"]
[PlyCount "35"]
[EventDate "2006.07.20"]
[EventType "tourn (corr)"]
[EventRounds "6"]
[SourceTitle "Corr 2008"]
[Source "ChessBase"]
[SourceDate "2008.06.24"]
[SourceVersion "1"]
[SourceVersionDate "2008.06.24"]
[SourceQuality "1"]

1. e4 e5 2. Nf3 Nc6 3. Bc4 Bc5 4. c3 Nf6 5. d3 d6 6. Nbd2 0-0 7. 0-0 Bb6 8. Bb3 Bg4 9. h3 Be6 10. Nc4 h6 11. Nxb6 axb6 12. Bxe6 fxe6 13. Qe2 Nd7 14. Be3 Rf7 15. Nh2 Qh4 16. Qg4 Qxg4 17. Nxg4 Nf6 18. Nxf6+ 1/2-1/2

[Event "IECG RI.2006.0.00060"]
[Site "IECG email"]
[Date "2006.07.15"]
[Round "?"]
[White "Pott, Brian"]
[Black "Sen, Tuncay"]
[Result "1/2-1/2"]
[WhiteElo "1894"]
[BlackElo "1703"]
[PlyCount "40"]
[EventDate "2006.07.15"]
[EventType "tourn (corr)"]
[EventRounds "6"]
[SourceTitle "Corr 2008"]
[Source "ChessBase"]
[SourceDate "2008.06.24"]
[SourceVersion "1"]
[SourceVersionDate "2008.06.24"]
[SourceQuality "1"]

1. e4 e5 2. Nf3 Nc6 3. Bb5 a6 4. Ba4 Nf6 5. 0-0 Be7 6. Re1 b5 7. Bb3 0-0 8. c3 d5 9. exd5 Nxd5 10. Nxe5 Nxe5 11. Rxe5 c6 12. d4 Bd6 13. Re1 Qh4 14. g3 Qh3 15. Be3 Bg4 16. Qd3 Rae8 17. Nd2 f5 18. f4 Re6 19. Qf1 Qh5 20. a4 Rh6 1/2-1/2

[Event "IECG RI.2006.0.00060"]
[Site "IECG email"]
[Date "2006.07.15"]
[Round "?"]
[White "Sen, Tuncay"]
[Black "Mitrovic, Sinisa"]
[Result "0-1"]
[WhiteElo "1703"]
[BlackElo "1689"]
[PlyCount "68"]
[EventDate "2006.07.15"]
[EventType "tourn (corr)"]
[EventRounds "6"]
[SourceTitle "Corr 2008"]
[Source "ChessBase"]
[SourceDate "2008.06.24"]
[SourceVersion "1"]
[SourceVersionDate "2008.06.24"]
[SourceQuality "1"]

1. e4 e5 2. Nf3 Nc6 3. Bc4 Nf6 4. Ng5 d5 5. exd5 Na5 6. Bb5+ c6 7. dxc6 bxc6 8. Qf3 Rb8 9. Bxc6+ Nxc6 10. Qxc6+ Nd7 11. Nf3 Bc5 12. Qe4 Rb4 13. Qe2 0-0 14. 0-0 Bb7 15. a3 Rg4 16. d3 Qa8 17. Nbd2 f5 18. h3 Rg6 19. Rd1 Rff6 20. b4 e4 21. dxe4 fxe4 22. Nxe4 Bxe4 23. Rxd7 Bxf3 24. Qc4+ Kh8 25. Qxc5 Rxg2+ 26. Kf1 Be2+ 27. Ke1 Rfxf2 28. Qd4 Rf1+ 29. Kd2 Bd1+ 30. Kc3 Rxc2+ 31. Kd3 Qf3+ 32. Qe3 Qf5+ 33. Qe4 Qxd7+ 34. Qd4 Rf3+ 0-1

[Event "FICGS W-ch st1 g04 email"]
[Site "FICGS email"]
[Date "2006.07.01"]
[Round "1"]
[White "Berthelot, Eric"]
[Black "Sen, Tuncay"]
[Result "0-1"]
[WhiteElo "1317"]
[BlackElo "2066"]
[PlyCount "46"]
[EventDate "2006.??.??"]
[EventType "tourn (corr)"]
[EventRounds "8"]
[SourceTitle "Corr 2022"]
[Source "ChessBase"]
[SourceDate "2021.10.24"]
[SourceVersion "1"]
[SourceVersionDate "2021.10.24"]
[SourceQuality "1"]

1. e4 e5 2. Nf3 Nc6 3. Bc4 Bc5 4. c3 Nf6 5. d4 exd4 6. cxd4 Bb4+ 7. Bd2 Bxd2+ 8. Nfxd2 Nxe4 9. Bxf7+ Kxf7 10. Nxe4 Re8 11. Qf3+ Kg8 12. 0-0 Nxd4 13. Qd3 d5 14. Qxd4 Rxe4 15. Qd3 c6 16. Nc3 Rb4 17. Rab1 Qf8 18. a3 Bf5 19. Qg3 Rg4 20. Qh3 Rf4 21. Qg3 Bxb1 22. Rxb1 Re8 23. Na4 Rxa4 0-1

[Event "FICGS W-ch st1 g04 email"]
[Site "FICGS email"]
[Date "2006.07.01"]
[Round "1"]
[White "Sen, Tuncay"]
[Black "Schwarz, Ingo"]
[Result "1/2-1/2"]
[WhiteElo "2066"]
[BlackElo "2004"]
[PlyCount "53"]
[EventDate "2006.??.??"]
[EventType "tourn (corr)"]
[EventRounds "8"]
[SourceTitle "Corr 2022"]
[Source "ChessBase"]
[SourceDate "2021.10.24"]
[SourceVersion "1"]
[SourceVersionDate "2021.10.24"]
[SourceQuality "1"]

1. e4 g6 2. d4 Bg7 3. Nf3 d6 4. Nc3 Bg4 5. Be2 Nc6 6. Be3 e5 7. d5 Nce7 8. 0-0 Nh6 9. Qd2 Nhg8 10. Ng5 Bxe2 11. Qxe2 h6 12. Nh3 g5 13. f3 a6 14. a4 Ng6 15. Nf2 Nf4 16. Qc4 Qd7 17. a5 Ne7 18. Na4 0-0 19. g3 Nfg6 20. Rfd1 Kh7 21. Ra3 f5 22. Rb3 f4 23. gxf4 gxf4 24. Bd2 Rab8 25. Kh1 Bf6 26. Rg1 Bh4 27. Be1 1/2-1/2

[Event "LSS SI-2006-0-00052"]
[Site "LSS email"]
[Date "2006.06.29"]
[Round "?"]
[White "Sen, Tuncay"]
[Black "Anbu, Sangita"]
[Result "1-0"]
[WhiteElo "1687"]
[BlackElo "1689"]
[PlyCount "27"]
[EventDate "2006.06.08"]
[EventType "tourn (corr)"]
[EventRounds "10"]
[EventCountry "GER"]
[SourceTitle "Corr 2015"]
[Source "ChessBase"]
[SourceDate "2015.07.17"]
[SourceVersion "1"]
[SourceVersionDate "2015.07.17"]
[SourceQuality "1"]

1. e4 d6 2. d4 Nf6 3. Nc3 e5 4. dxe5 dxe5 5. Qxd8+ Kxd8 6. Bg5 Be6 7. 0-0-0+ Nbd7 8. f4 exf4 9. Nf3 h6 10. Bxf4 Bc5 11. Nd4 Bg4 12. Rd3 a6 13. h3 Bh5 14. Nf5 1-0

[Event "IECG OP.2006.0.00076"]
[Site "IECG email"]
[Date "2006.06.23"]
[Round "?"]
[White "Sen, Tuncay"]
[Black "Veits, Janis"]
[Result "1-0"]
[WhiteElo "1649"]
[BlackElo "1973"]
[PlyCount "41"]
[EventDate "2006.06.23"]
[EventType "tourn (corr)"]
[EventRounds "6"]
[SourceTitle "Corr 2008"]
[Source "ChessBase"]
[SourceDate "2008.06.24"]
[SourceVersion "1"]
[SourceVersionDate "2008.06.24"]
[SourceQuality "1"]

1. e4 c5 2. Nf3 Nc6 3. d4 cxd4 4. Nxd4 Nf6 5. Nc3 d6 6. Be3 e5 7. Nxc6 bxc6 8. Bc4 Be7 9. 0-0 0-0 10. Qd3 Be6 11. Rad1 Rb8 12. b3 Qc7 13. f3 Rfd8 14. Bxe6 fxe6 15. f4 exf4 16. Bxf4 e5 17. Bg5 h6 18. Qc4+ Kh8 19. Bxf6 Bxf6 20. Nd5 Qe7 21. Nxe7 1-0

[Event "IECG OP.2006.0.00076"]
[Site "IECG email"]
[Date "2006.06.23"]
[Round "?"]
[White "Sherwood, Russell"]
[Black "Sen, Tuncay"]
[Result "0-1"]
[WhiteElo "1806"]
[BlackElo "1649"]
[PlyCount "62"]
[EventDate "2006.06.23"]
[EventType "tourn (corr)"]
[EventRounds "6"]
[SourceTitle "Corr 2008"]
[Source "ChessBase"]
[SourceDate "2008.06.24"]
[SourceVersion "1"]
[SourceVersionDate "2008.06.24"]
[SourceQuality "1"]

1. e4 e5 2. Nf3 Nc6 3. d4 exd4 4. Nxd4 Bc5 5. Be3 Qf6 6. c3 Nge7 7. Bc4 Ne5 8. Be2 0-0 9. 0-0 d6 10. f4 N5c6 11. Qd3 Bd7 12. Nd2 Rfe8 13. Rad1 Ng6 14. Kh1 Bb6 15. g4 Qe7 16. g5 d5 17. e5 Ncxe5 18. fxe5 Nxe5 19. Qb1 Ng6 20. Rf3 c5 21. Nc2 d4 22. cxd4 cxd4 23. Nxd4 Bxd4 24. Ne4 Bxe3 25. Rxe3 Bc6 26. Bf3 Nh4 27. Bg2 Kf8 28. g6 hxg6 29. Rde1 f5 30. Qc1 Nxg2 31. Kxg2 Qg5+ 0-1